C'est Michel - Oldelaf - Trouver les paroles - Statistiques

Statistiques générales
  • Ce quiz a été pris 12 fois
  • Le résultat moyen est 269 sur 383
Statistiques - réponses
Réponse % Correct
pas
100%
a
88%
À
88%
à
88%
Ça
88%
ce
88%
C'est
88%
c'est
88%
de
88%
Des
88%
des
88%
en
88%
est
88%
et
88%
Et
88%
Et,
88%
et,
88%
Il
88%
il
88%
la
88%
le
88%
Le
88%
les
88%
Mais
88%
mais
88%
Michel,
88%
Michel
88%
Un
88%
un
88%
Une
88%
une
88%
belle
75%
comme
75%
dans
75%
Dans
75%
danse
75%
danse?
75%
du
75%
fait
75%
fille
75%
fille,
75%
histoire
75%
ils
75%
Ils
75%
l'œil
75%
lui
75%
lui,
75%
mal
75%
même
75%
Michelle
75%
monde
75%
non
75%
Non
75%
où,
75%
ou
75%
oui
75%
par
75%
peu
75%
piste,
75%
piste
75%
plus
75%
quand
75%
qui
75%
Qui
75%
sa
75%
sait
75%
son
75%
sur
75%
Sur
75%
tapé
75%
tout
75%
Tout
75%
vraiment
75%
au
63%
bien
63%
bleu
63%
car
63%
cette
63%
ciel
63%
commence
63%
croco
63%
faux
63%
fête
63%
histoires
63%
joli
63%
Leur
63%
mate
63%
mocassins
63%
On
63%
pantalon
63%
pense
63%
peur
63%
porte
63%
poubelles
63%
pour
63%
Pour
63%
que
63%
qu'il
63%
rentre
63%
roi
63%
s'en
63%
sera
63%
ses
63%
seul
63%
soir,
63%
soir
63%
videur
63%
bourré
50%
claque
50%
cœur
50%
déjà
50%
démarche
50%
enfant,
50%
joue
50%
l'amour
50%
l'appelle
50%
mariage
50%
Moselle
50%
moustache
50%
patraque
50%
personne
50%
p'tite
50%
rend
50%
salle
50%
sentent
50%
smurf
50%
tous
50%
va
50%
va?
50%
velours
50%
verre
50%
vivront
50%
yeux
50%
alors
38%
amis,
38%
besoin
38%
blouson
38%
ceinturon
38%
connu
38%
cuir
38%
danser
38%
démon
38%
depuis
38%
dirait
38%
dis
38%
donc
38%
filles,
38%
(flash)
38%
Fuego
38%
fumé
38%
grave
38%
l'anorak
38%
l'hiver
38%
l'hopital
38%
lunettes
38%
marron
38%
meufs
38%
Noël
38%
ouragans
38%
Philippe
38%
rappelle
38%
rapport
38%
réel
38%
remettre
38%
rigoler
38%
s'éclate
38%
sexuel
38%
Tahiti
38%
Téléphone
38%
urgences
38%
Vivement
38%
Y'a
38%
yeah
38%
yeah,
38%
cas
25%
l'occas',
25%
longue
25%
nuque
25%
offert
25%
ont
25%
Quinze-Vingts
25%
Ramatuelle
25%
reprend
25%
rêver
25%
rien
25%
ah
13%
attention
13%
aussi
13%
Bah
13%
Bondy
13%
celui-ci
13%
classe
13%
ouh
13%
Aucun quiz correspondant
Distribution des résultats
% des personnes avec chaque résultat
Percentile par nombre de réponses
Votre historique - résultats
Vous n’avez pas pris ce quiz